Statistics for Most Populous Countries Beginning With A

Click here to take the quiz!

General Stats

  • This quiz has been taken 82 times
  • The average score is 8 of 10

Answer Stats

PopulationAnswer% Correct
44 millArgentina
95%
25 millAustralia
93%
42 millAlgeria
90%
3 millArmenia
89%
28 millAngola
88%
8.8 millAustria
88%
9.8 millAzerbaijan
84%
30 millAfghanistan
80%
2.8 millAlbania
73%
86,295Antigua and Barbuda
26%

Score Distribution

Percentile by Number Answered

Percent of People with Each Score

Your Score History

You have not taken this quiz